Apelidos Brasileirão Série A - Statistics

Estatísticas Gerais
  • Esse quiz foi jogado 766 vezes
    521 desde o último reset
  • A pontuação média é 12 de 20
Estatísticas das Respostas
Equipe Apelido % Correto
Atlético Mineiro Galo
94%
Athletico Paranaense Furacão
85%
Sâo Paulo Trikas
80%
Fluminense Tricolor
76%
Flamengo Mengão
75%
Corinthians Timão
74%
Cruzeiro Raposa
72%
Atlético Goianiense Dragão
71%
Fortaleza Leão
65%
Vitória Leão da Barra
63%
Internacional Colorado
59%
Palmeiras Verdão
59%
Grêmio Imortal
57%
Vasco da Gama GIGANTE DA COLINA
51%
Cuiabá Dourado
46%
Criciuma Tigrão
46%
Botafogo Glorioso
41%
Bahia Esquadrão de aço
34%
Red Bull Bragantino Massa Bruta
28%
Juventude Papo
16%
Nenhum quiz correspondente encontrado
Distribuição das Pontuações
Porcentagem de Pessoas com Cada Pontuação
Percentil de Números Respondidos
Sua Pontuação Histórica
Você não jogou esse quiz desde o último reset